000
00319 a2200157 4500
250
_a
3ème éd.
245
_a
Acupuncture
100
_a
Borsarello, J.-F.
260
_c
1986
300
_a
X-166 P.
035
_a
2449
035
_a
3974
999
_c
17500
_d
17500